000 00394nam a22001337a 4500
040 _cMCS NUST
082 _a891.439,TAR
100 _aTariq, Waheed uz Zaman
_9126823
245 _azamzama e Ahwal /
_cWaheed ul Zaman Tariq (زَمْزَمَۂ احوال)
260 _aLahore
_bHriat Fakar Publications
_c2023
300 _a280 p,.
650 _aPoetry
_929982
942 _2ddc
_cBK
_k891.439,TAR
999 _c612272
_d612272